| 000 | 00988nam a22003017a 4500 | ||
|---|---|---|---|
| 003 | CHAP | ||
| 005 | 20220817043049.0 | ||
| 008 | 971010s1982 r 00010 d | ||
| 010 | _a64363 | ||
| 011 | _a65335 | ||
| 035 | _a71938 | ||
| 040 | _cCHAP | ||
| 090 | _aFolleto 7278 | ||
| 100 | 0 | 0 |
_aVolke Haller, Víctor. _9120643 |
| 245 | 1 | _aOptimización de insumos de la producción en la agricultura | |
| 260 |
_aChapingo, Méx. : _bC.P. Centro de Edafología, _c1982 |
||
| 300 | _a61 p. | ||
| 590 |
_aBATCH-UPD _b10 _c20130110 _lUCH01 _h1922 |
||
| 590 |
_aBATCH-UPD _b10 _c20130410 _lUCH01 _h1248 |
||
| 590 |
_aBATCH-UPD _b10 _c20130914 _lUCH01 _h2107 |
||
| 590 |
_aCONVERSION _b10 _c20130109 _lUCH01 _h1335 |
||
| 650 | 1 | 4 |
_aAgricultura _xAspectos económicos. |
| 901 | _aBK | ||
| 942 | _cFOLL | ||
| 949 |
_aFolleto 7278 _bBC _cFOLL _d-154054 _eTS1 _i71938 _si |
||
| 949 |
_aFolleto 7278 _bBC _cFOLL _d-154055 _eTS2 _fc.2 _i71938 _si |
||
| 949 |
_aFolleto 7278 _bBC _cFOLL _d-154056 _eTS2 _fc.3 _i71938 _si |
||
| 999 |
_c64363 _d64363 |
||